| 000 | 00686cam a2200181 4500 | ||
|---|---|---|---|
| 001 | ABS67227 | ||
| 008 | 031121n2003 000 0 eng u | ||
| 035 | _a(Sirsi) u124431 | ||
| 245 | _aSummit of hopes and fears | ||
| 260 | _c2003 | ||
| 490 |
_aEstates Gazette _v(0344) 1 November 2003, 62-64(3) |
||
| 520 | _aReviews the Estates Gazette Economic Summit 2003 with comments from speakers and delegates. Discusses the advanages of US style real estate investment trusts (REITS) as an investment medium. | ||
| 590 | _aABS | ||
| 650 | _aREITS | ||
| 650 | _aINSTITUTIONAL INVESTMENT | ||
| 690 | _aPROPERTY-COMMERCIAL PROPERTY-COMMERCIAL PROPERTY FINANCE AND INVESTMENT | ||
| 942 | _n0 | ||
| 999 |
_c73831 _d73831 |
||